000
00315nam a2200133Ia 4500
008
151213s9999 xx 000 0 und d
100
_a
Godfray Winn
245
_a
P.Q.17'
_c
Godfray Winn
260
_a
London
_b
Arrow Books
_c
1963
300
_a
4603 p.
650
_a
Reference
700
_a
Godfray Winn
999
_c
2961
_d
2961